00918cam a22002651 4500001001300000003000400013005001700017008004100034010001700075025002000092035001800112040002500130041001100155042001200166050001900178100004100197245015200238260006900390300001800459500002900477500007800506504002500584650002600609999001700635sa 68019062 DLC20260227112716.0721215s1962 io b f000 0 eng  asa 68019062  aPL480:Indo-3174 a(OCoLC)518462 aDLCcOAUdOCoLCdDLC1 aengind apremarc00aLA1271b.P63131 aPoerbakawatja, Soegarda,cR.,d1899-10aBasis and aim of education in free Indonesia,cdelivered on the opening ceremony of the Tjenderawasih University on 10th November 1962 in Kotabaru. a[Djakarta]bDept. of Information, Republic of Indonesiac[1962?] a16 p.c21 cm. a"Special issue, no. 94." aTranslation of Dasar dan tudjuan pendidikan dalam alam Indonesia merdeka. aBibliography: p. 16. 0aEducationzIndonesia. c88798d88798